[Event "Curitiba Sul Regional-ch"]
[Site "Curitiba"]
[Date "2015.07.10"]
[Round "2"]
[White "Souza, Kim Garcia De"]
[Black "Medeiros, Paulo Ricardo"]
[Result "1-0"]
[WhiteElo "1776"]
[BlackElo "1802"]
[PlyCount "119"]
[EventDate "2015.07.10"]
[EventType "swiss"]
[EventRounds "6"]
[EventCountry "BRA"]
[SourceTitle "EXT 2016"]
[Source "ChessBase"]
[SourceDate "2015.10.08"]
[SourceVersion "1"]
[SourceVersionDate "2015.10.08"]
[SourceQuality "1"]

1. b4 c6 2. Bb2 d5 3. Nf3 Nf6 4. e3 Bg4 5. Be2 Nbd7 6. h3 Bxf3 7. Bxf3 e5 8. a3 h5 9. d3 a5 10. c3 Qb6 11. Nd2 Nc5 12. Be2 Ne6 13. Rb1 a4 14. c4 d4 15. c5 Qd8 16. Nc4 Nd7 17. Bxh5 Qg5 18. Bf3 dxe3 19. Nxe3 Nf4 20. Kf1 Qg6 21. Be4 Qh6 22. Nf5 Qe6 23. Ng3 g6 24. Ne2 Nh5 25. Bf3 Ndf6 26. g4 Ng7 27. Ng3 Nd5 28. Bxd5 Qxd5 29. Qe2 f6 30. d4 Ne6 31. dxe5 f5 32. Rd1 Qb3 33. Bc1 f4 34. Ne4 Rxh3 35. Nf6+ Kf7 36. Rd7+ Be7 37. Rxh3 Qxh3+ 38. Ke1 Rh8 39. Rxb7 Qc3+ 40. Qd2 Rh1+ 41. Ke2 Qxe5+ 42. Kf3 Qxf6 43. Bb2 Rh3+ 44. Kg2 Qh4 45. Rxe7+ Qxe7 46. Kxh3 Ng5+ 47. Kg2 Qe4+ 48. Kf1 Qh1+ 49. Ke2 Qf3+ 50. Kf1 Qh3+ 51. Ke2 Qxg4+ 52. Kd3 Qf3+ 53. Kc2 Qe4+ 54. Kc1 Qc4+ 55. Kb1 Qe4+ 56. Ka1 Qh1+ 57. Ka2 Qd5+ 58. Qxd5+ cxd5 59. c6 Ne6 60. b5 1-0